| 000 | 01071nam a2200289 i 4500 | ||
|---|---|---|---|
| 005 | 20250615120950.0 | ||
| 008 | 250615s2023 ii a br 000 1 tam d | ||
| 020 |
_a9788119063840 _cRM11.20 _qpaperback |
||
| 040 |
_aPPAK _beng _cPPAK _erda |
||
| 082 | 0 | 4 |
_223 _a894.8113 |
| 090 | 0 | 0 |
_a894.8113 _bRAM _dK |
| 100 | 0 |
_aRamaṇi, _eauthor. |
|
| 245 | 1 | 0 |
_6880-01 _aPūkkaḷin̲ nakaram = _bThe city of flowers / _cRamaṇi ; Illustrator: Piḷḷai |
| 250 | _aMutal patippu | ||
| 264 | 1 |
_aTrichy : _bS. R. V. Tamil Publishing, _c2023 |
|
| 300 |
_a12 pages : _bcolour illustrations ; _c17 x 19 cm |
||
| 336 |
_atext _2rdacontent |
||
| 337 |
_aunmediated _2rdamedia |
||
| 338 |
_avolume _2rdacarrier |
||
| 500 | _aChildren's stories | ||
| 546 | _aIn Tamil | ||
| 650 | 1 | 0 | _aChildren's stories, Tamil |
| 650 | 2 | 0 | _aTamil fiction |
| 700 | 0 |
_aPiḷḷai, _eillustrator. |
|
| 880 |
_6245-01/$1 _aபூக்களிந் நகரம் / ரமணி ; வரைபடக்காரர்: பிள்ளாய் |
||
| 942 |
_2ddc _cB |
||
| 999 |
_c199772 _d199772 |
||